000 00541nam a2200217Ia 4500
003 OSt
005 20220918191849.0
006 a|||||r|||| 00| 0
007 ta
008 220917b |||||||| |||| 00| 0 eng d
024 _a65,479
037 _cTextual
040 _aARTS
_cARTS
_beng
041 _2eng
_aeng
082 _aR22, L8
100 _aEvans J L
_977399
245 0 _aKnowledgfe and infallibility
260 _aLondon
_bMacmillan
_c1978
942 _hR22, L8
_cTEXL
_2CC
999 _c191722
_d191722